La apuesta por la globalización : la geoeconomía y la geopolítica del imperialismo euro-estadounidense /

Wedi'i Gadw mewn:
Manylion Llyfryddiaeth
Prif Awdur: Gowan, Peter (autor)
Fformat: Llyfr
Iaith:Sbaeneg
Cyhoeddwyd: Madrid, España : Akal, 2000, c2000
Cyfres:(Akal Cuestiones de Antagonismo ; 6)
Pynciau:
Tagiau: Ychwanegu Tag
Dim Tagiau, Byddwch y cyntaf i dagio'r cofnod hwn!

MARC

LEADER 00000nam^a2200000^a^4500
001 000181406
005 20250521000000.0
009 20260310101932.582
020 |a 84-460-1427-0 
037 |a Acervo ITESO - Biblioteca 
041 |a ESP 
082 |a 320. 9  |b GOW 
100 |a Gowan, Peter  |e (autor) 
245 1 3 |a La apuesta por la globalización :  |b la geoeconomía y la geopolítica del imperialismo euro-estadounidense /  |c P. Gowan ; tr. por Nuria Cortés Ruiz... [et al.]. 
264 4 |a Madrid, España :  |b Akal,  |c 2000, c2000 
300 |a 464 p. 
336 |a texto  |b txt  |2 rdacontenido 
337 |a sin mediación  |b n  |2 rdamedio 
338 |a volumen  |b nc  |2 rdasoporte 
440 1 |a (Akal Cuestiones de Antagonismo ;  |v 6) 
500 |a Traducción de: The Global Gamble. Washington's Faustian Bid for World Dominance 
649 |a XX 
650 |a Globalización 
650 |a Monetarismo 
650 |a Mercado de Capitales 
650 |a Dependencia Económica 
650 |a Economía Internacional 
650 |a Economía Política 
650 |a Geopolítica 
650 |a Política Monetaria 
650 |a Política Financiera 
650 |a Política Económica 
650 |a Imperialismo 
650 |a Neoliberalismo 
650 |a Dominación 
650 |a Nuevo Orden Económico Internacional 
650 |a Nuevo Orden Mundial 
650 |a Política 
910 |a Fondo General 
920 |a Impresos - Libros 
930 |a Colección General 
905 |a 101 
901 |a 0500121241  |b IT1  |c ACC  |u 20250521 
902 |a https://opac.biblio.iteso.mx/vufind/Record/000181406